000 nam a22 7a 4500
999 _c7182
_d7182
008 170727b xxu||||| |||| 00| 0 eng d
100 _93758
_aTripp Paul David
245 _aInstruments in the Redeemers hands
260 _aAmerica
_bPR Publication
_c2012